[Event "Woerishofen sen 2016"]
[Site "Bad Woerishofen"]
[Date "2016.02.29"]
[Round "4.11"]
[White "Rumsey, Victor B"]
[Black "Lang, Ferdinand"]
[Result "1/2-1/2"]
[WhiteElo "1864"]
[BlackElo "2097"]
[PlyCount "108"]
[EventDate "2016.02.26"]
[EventType "swiss"]
[EventCountry "GER"]
[WhiteTeam "ENG"]
[BlackTeam "Willsbach TSV"]
[WhiteTeamCountry "ENG"]
[BlackTeamCountry "GER"]

1. d4 Nf6 2. c4 c5 3. d5 b5 4. cxb5 a6 5. bxa6 Bxa6 6. Nc3 d6 7. e4 Bxf1 8.
Kxf1 g6 9. g3 Bg7 10. Kg2 O-O 11. Nf3 Nbd7 12. a4 Qc7 13. Qe2 Rfb8 14. Nb5 Qb7
15. Ra3 Nb6 16. b3 c4 17. bxc4 Nxa4 18. Nfd4 Nc5 19. f3 Rxa3 20. Bxa3 Nfd7 21.
Nc6 Re8 22. Rb1 Nb6 23. e5 Qd7 24. Bxc5 dxc5 25. Ra1 Nxd5 26. cxd5 Qxd5 27. Nc7
Qxc6 28. Nxe8 Qxe8 29. Qe4 Qb5 30. Rb1 Qd7 31. Rb8+ Bf8 32. e6 Qd2+ 33. Kh3 f5
34. Qe5 Qh6+ 35. Kg2 Qd2+ 36. Kh3 Qh6+ 37. Kg2 Qd2+ 38. Kf1 Qc1+ 39. Kf2 Qd2+
40. Kf1 Qc1+ 41. Qe1 Qc4+ 42. Qe2 Qd5 43. Kg2 h5 44. Rc8 c4 45. Qxc4 Qd2+ 46.
Kh3 g5 47. Qc2 g4+ 48. Kh4 Qd5 49. f4 Qxe6 50. Qc4 Qxc4 51. Rxc4 Kf7 52. Kxh5
e6 53. Rc7+ Kf6 54. Rc8 Bg7 1/2-1/2

[Event "Woerishofen sen 2016"]
[Site "Bad Woerishofen"]
[Date "2016.02.29"]
[Round "4.12"]
[White "Gross, Werner"]
[Black "Plischke, Berthold"]
[Result "1-0"]
[WhiteElo "2201"]
[BlackElo "1953"]
[PlyCount "67"]
[EventDate "2016.02.26"]
[EventType "swiss"]
[EventCountry "GER"]
[WhiteTeam "Niederkassel SG"]
[BlackTeam "Wesel SV"]
[WhiteTeamCountry "GER"]
[BlackTeamCountry "GER"]

1. c4 f5 2. Nc3 Nf6 3. g3 e6 4. Bg2 Be7 5. e3 O-O 6. Nge2 d6 7. O-O Qe8 8. d4
e5 9. Nd5 Bd8 10. Nxf6+ Bxf6 11. c5 a5 12. Bxb7 Bxb7 13. Qb3+ Kh8 14. Qxb7 Nc6
15. d5 Nb4 16. Qxc7 Qh5 17. f3 Qg6 18. cxd6 Rfc8 19. Qd7 Nc2 20. Rb1 f4 21. e4
fxg3 22. hxg3 Rd8 23. Qg4 Qxg4 24. fxg4 Rxd6 25. Rf3 Nd4 26. Nxd4 exd4 27. Bf4
Rdd8 28. e5 Bxe5 29. Bxe5 Rxd5 30. Bf4 d3 31. Rd1 Rad8 32. Bd2 Kg8 33. Bc3 h6
34. Rf5 1-0

[Event "Woerishofen sen 2016"]
[Site "Bad Woerishofen"]
[Date "2016.02.29"]
[Round "4.13"]
[White "Weinwurm, Wolfgang"]
[Black "Di Lazzaro, Gabriele"]
[Result "1-0"]
[WhiteElo "2185"]
[BlackElo "1970"]
[PlyCount "91"]
[EventDate "2016.02.26"]
[EventType "swiss"]
[EventCountry "GER"]
[WhiteTeam "AUT"]
[BlackTeam "ITA"]
[WhiteTeamCountry "AUT"]
[BlackTeamCountry "ITA"]

1. e4 d5 2. exd5 Nf6 3. d4 Nxd5 4. Nf3 Bg4 5. h3 Bf5 6. Bd3 Bg6 7. O-O e6 8.
Re1 Be7 9. c4 Bxd3 10. Qxd3 Nf6 11. Qb3 b6 12. Nc3 O-O 13. Bf4 c6 14. Rad1 Bd6
15. Ne5 Qc7 16. c5 Bxe5 17. Bxe5 Qb7 18. Ne4 Nxe4 19. Rxe4 Nd7 20. Bd6 Rfe8 21.
Qg3 f5 22. Re2 Nf6 23. Qb3 Nd5 24. Rde1 Qd7 25. Qg3 b5 26. h4 a5 27. h5 h6 28.
Qg6 Qf7 29. Rxe6 Qxg6 30. hxg6 Nf6 31. Rxe8+ Rxe8 32. Rxe8+ Nxe8 33. Be5 Kf8
34. Kf1 Ke7 35. Ke2 Nf6 36. g3 Ne8 37. Ke3 Ke6 38. Kf4 Nf6 39. Ke3 Nd5+ 40. Kd3
Nf6 41. Bxf6 Kxf6 42. d5 cxd5 43. Kd4 Ke6 44. f3 h5 45. f4 b4 46. b3 1-0

[Event "Woerishofen sen 2016"]
[Site "Bad Woerishofen"]
[Date "2016.02.29"]
[Round "4.14"]
[White "Gerl, Hans"]
[Black "Daeubler, Heinrich"]
[Result "1-0"]
[WhiteElo "1951"]
[BlackElo "2159"]
[PlyCount "73"]
[EventDate "2016.02.26"]
[EventType "swiss"]
[EventCountry "GER"]
[WhiteTeam "Zirndorf SK"]
[BlackTeam "Haselmuehl SC"]
[WhiteTeamCountry "GER"]
[BlackTeamCountry "GER"]

1. d4 Nf6 2. c4 c5 3. d5 e6 4. Nc3 exd5 5. cxd5 Bd6 6. Nf3 O-O 7. Bg5 Re8 8. e3
Bc7 9. Bd3 d6 10. h3 a6 11. a4 Nbd7 12. O-O Rb8 13. Qc2 h6 14. Bh4 Qe7 15. b3
Ba5 16. Bc4 g5 17. Bg3 Bxc3 18. Qxc3 Ne4 19. Qc2 Nxg3 20. fxg3 b5 21. axb5 axb5
22. Bd3 Qxe3+ 23. Kh1 Ne5 24. Rae1 Qxd3 25. Qxd3 Nxd3 26. Rxe8+ Kg7 27. Nd2 Nb4
28. Re7 Nxd5 29. Rexf7+ Kg6 30. Rf8 Ra8 31. Ne4 Bb7 32. Nxd6 Rxf8 33. Rxf8 Bc6
34. Kg1 Kg7 35. Rc8 Ne7 36. Rc7 Kf6 37. Nc8 1-0

[Event "Woerishofen sen 2016"]
[Site "Bad Woerishofen"]
[Date "2016.02.29"]
[Round "4.15"]
[White "Hohler, Peter"]
[Black "Klein, Klaus"]
[Result "1/2-1/2"]
[WhiteElo "2138"]
[BlackElo "1949"]
[PlyCount "52"]
[EventDate "2016.02.26"]
[EventType "swiss"]
[EventCountry "GER"]
[WhiteTeam "SUI"]
[BlackTeam "Heidelberg SF"]
[WhiteTeamCountry "SUI"]
[BlackTeamCountry "GER"]

1. d4 d5 2. c4 c6 3. Nf3 Nf6 4. Nc3 e6 5. e3 Nbd7 6. Bd3 Bd6 7. e4 dxe4 8. Nxe4
Nxe4 9. Bxe4 e5 10. O-O exd4 11. Qxd4 Qf6 12. Bg5 Qxd4 13. Nxd4 Nc5 14. Bc2 O-O
15. Rad1 f6 16. Be3 Be7 17. Rfe1 g6 18. Bd2 Re8 19. b4 Na6 20. c5 Bd7 21. Bc3
Bf8 22. Bb3+ Kg7 23. a3 Nc7 24. Bb2 Rxe1+ 25. Rxe1 Re8 26. Rxe8 Bxe8 1/2-1/2

[Event "Woerishofen sen 2016"]
[Site "Bad Woerishofen"]
[Date "2016.02.29"]
[Round "4.16"]
[White "Maes, Valery"]
[Black "Oud, Niek"]
[Result "1/2-1/2"]
[WhiteElo "2110"]
[BlackElo "1952"]
[PlyCount "45"]
[EventDate "2016.02.26"]
[EventType "swiss"]
[EventCountry "GER"]
[WhiteTeam "Krefelder SK Turm"]
[BlackTeam "NED"]
[WhiteTeamCountry "GER"]
[BlackTeamCountry "NED"]

1. d4 d5 2. Nf3 Nf6 3. c4 c6 4. Nbd2 Bf5 5. Nh4 Bd7 6. e3 g6 7. Bd3 Bg7 8. O-O
O-O 9. Nhf3 a5 10. b3 Na6 11. Bb2 Nb4 12. Bb1 Re8 13. Ne5 Be6 14. Qe2 Nd7 15.
e4 Nxe5 16. dxe5 d4 17. f4 d3 18. Qe3 Qd7 19. a3 Nc2 20. Bxc2 dxc2 21. Rac1
Red8 22. Rxc2 Qd3 23. Qxd3 1/2-1/2

[Event "Woerishofen sen 2016"]
[Site "Bad Woerishofen"]
[Date "2016.02.29"]
[Round "4.18"]
[White "Klempt, Guenter"]
[Black "Gauer, Jacques"]
[Result "0-1"]
[WhiteElo "2039"]
[BlackElo "1940"]
[PlyCount "158"]
[EventDate "2016.02.26"]
[EventType "swiss"]
[EventCountry "GER"]
[WhiteTeam "Bochumer SV"]
[BlackTeam "FRA"]
[WhiteTeamCountry "GER"]
[BlackTeamCountry "FRA"]

1. d4 Nf6 2. c4 g6 3. Nc3 d5 4. Nf3 Bg7 5. Bg5 Ne4 6. Bf4 Nxc3 7. bxc3 dxc4 8.
Qa4+ Nd7 9. Qxc4 c5 10. e3 O-O 11. Be2 cxd4 12. Bc7 Qe8 13. cxd4 Nb6 14. Qc5
Na4 15. Qa3 Bd7 16. O-O Nb6 17. Rac1 Bc6 18. Rfd1 Qd7 19. Be5 f6 20. Bg3 Rfc8
21. d5 Ba4 22. Rxc8+ Rxc8 23. Rd2 Bb5 24. Bxb5 Qxb5 25. Rd1 Qa4 26. Qxa4 Nxa4
27. h3 Nc3 28. Rd2 Ne4 29. Rd1 Nxg3 30. fxg3 Rc2 31. Rd2 Rc3 32. d6 exd6 33.
Rxd6 Rxe3 34. g4 Kf7 35. Rd7+ Re7 36. Rd8 Bh6 37. Kf1 Be3 38. Rh8 Ke6 39. Ke2
Kd5 40. Rc8 Bc5+ 41. Kd2 Kc4 42. Kd1 Kb5 43. Ne1 b6 44. Nd3 Rd7 45. Kc2 Re7 46.
Nxc5 bxc5 47. Kd2 Kc4 48. Rf8 Re6 49. Rf7 Ra6 50. Rxh7 Rxa2+ 51. Ke3 Rxg2 52.
Rxa7 Rg3+ 53. Kf2 Rxh3 54. Rf7 Rd3 55. Rxf6 g5 56. Rg6 Rd5 57. Ke3 Kc3 58. Rf6
Re5+ 59. Kf3 Kd4 60. Rd6+ Rd5 61. Rf6 c4 62. Ke2 c3 63. Rc6 Rc5 64. Rd6+ Kc4
65. Rb6 Rd5 66. Rc6+ Kb3 67. Rb6+ Kc2 68. Rb4 Re5+ 69. Kf2 Kc1 70. Rb8 c2 71.
Rb7 Re4 72. Kf3 Rf4+ 73. Kg3 Rf1 74. Kg2 Rd1 75. Kf2 Kd2 76. Rd7+ Kc3 77. Rc7+
Kd2 78. Rd7+ Kc1 79. Rb7 Rd4 0-1

[Event "Woerishofen sen 2016"]
[Site "Bad Woerishofen"]
[Date "2016.02.29"]
[Round "4.19"]
[White "Walther, Reinhard"]
[Black "Aigner, Georg"]
[Result "0-1"]
[WhiteElo "2039"]
[BlackElo "1932"]
[PlyCount "104"]
[EventDate "2016.02.26"]
[EventType "swiss"]
[EventCountry "GER"]
[WhiteTeam "Herzogenaurach SK"]
[BlackTeam "Taufkirchen SC"]
[WhiteTeamCountry "GER"]
[BlackTeamCountry "GER"]

1. d4 Nf6 2. Bg5 g6 3. Nd2 Bg7 4. e4 d6 5. f4 Nc6 6. d5 Bg4 7. Ngf3 Nd4 8. c3
Nxf3+ 9. gxf3 Bd7 10. Nb3 Nh5 11. Qd2 f6 12. Bh4 Bh6 13. Bg3 e5 14. dxe6 Bxe6
15. Nd4 Bd7 16. Bc4 Qe7 17. Ne2 a6 18. Qd4 Bg7 19. Bd5 Bc6 20. O-O-O Bxd5 21.
Qxd5 O-O-O 22. Rhe1 Rhe8 23. Kb1 Nxg3 24. hxg3 Qd7 25. g4 f5 26. gxf5 gxf5 27.
Rh1 h6 28. Nd4 Bxd4 29. Rxd4 Qe6 30. Rh5 fxe4 31. fxe4 Qg6 32. Rb4 c6 33. Qf5+
Qxf5 34. Rxf5 c5 35. Rb3 Rxe4 36. Rf7 b5 37. Ra3 Rd7 38. Rf6 Kb7 39. f5 h5 40.
Rh6 h4 41. f6 Rf7 42. c4 Rxc4 43. Re3 Rf4 44. Re7+ Rxe7 45. fxe7 Re4 46. Rxd6
Rxe7 47. Rh6 Re1+ 48. Kc2 Rh1 49. a3 h3 50. Kd3 h2 51. Kc2 Kc7 52. b3 Ra1 0-1

[Event "Woerishofen sen 2016"]
[Site "Bad Woerishofen"]
[Date "2016.02.29"]
[Round "4.20"]
[White "Sand, Rolf"]
[Black "Abel, Hans Peter"]
[Result "1-0"]
[WhiteElo "2032"]
[BlackElo "1928"]
[PlyCount "103"]
[EventDate "2016.02.26"]
[EventType "swiss"]
[EventCountry "GER"]
[WhiteTeam "Tuebingen SV"]
[BlackTeam "Leinfelden SC"]
[WhiteTeamCountry "GER"]
[BlackTeamCountry "GER"]

1. c4 c5 2. g3 g6 3. Bg2 Bg7 4. Nc3 Nc6 5. Nf3 d6 6. O-O e6 7. e3 Nge7 8. d4
O-O 9. Qd2 b6 10. b3 Rb8 11. Bb2 Bb7 12. Rfd1 a6 13. Qe2 Qc7 14. Rd2 Rfd8 15.
Rad1 cxd4 16. Nxd4 Nxd4 17. exd4 Bxg2 18. Kxg2 Qb7+ 19. d5 b5 20. Kg1 b4 21.
Ne4 Bxb2 22. Rxb2 exd5 23. Nf6+ Kg7 24. Nxd5 Nxd5 25. Rxd5 Re8 26. Qd3 Re1+ 27.
Kg2 Rbe8 28. Rd2 R8e6 29. Qd4+ Kg8 30. h4 h5 31. Qf4 R1e5 32. Qf3 Rxd5 33. Qxd5
Qb6 34. Kg1 Re1+ 35. Kg2 Re6 36. Qf3 Qa5 37. Qa8+ Kg7 38. Qd5 Qc7 39. Kf1 Qe7
40. Qd4+ Kg8 41. Kg2 Qc7 42. f3 Qb7 43. Kf2 Qc7 44. Rc2 Qc5 45. Qxc5 dxc5 46.
Rd2 Rc6 47. Ke3 Re6+ 48. Kf4 Kg7 49. Rd5 Rc6 50. Ke4 Re6+ 51. Re5 Rd6 52. Rxc5
1-0

[Event "Woerishofen sen 2016"]
[Site "Bad Woerishofen"]
[Date "2016.02.29"]
[Round "4.21"]
[White "Harsch, Martin"]
[Black "Young, Mel J"]
[Result "1/2-1/2"]
[WhiteElo "2029"]
[BlackElo "1912"]
[PlyCount "47"]
[EventDate "2016.02.26"]
[EventType "swiss"]
[EventCountry "GER"]
[WhiteTeam "SUI"]
[BlackTeam "ENG"]
[WhiteTeamCountry "SUI"]
[BlackTeamCountry "ENG"]

1. e4 c5 2. Nf3 d6 3. Bb5+ Nc6 4. O-O Bd7 5. Re1 Nf6 6. c3 e6 7. d4 cxd4 8.
cxd4 Qc7 9. Nc3 a6 10. Bd3 Be7 11. Bd2 O-O 12. Rc1 Qd8 13. Bf4 Nh5 14. Be3 Nf6
15. Bb1 Rc8 16. h3 Qa5 17. d5 exd5 18. Nxd5 Nxd5 19. exd5 Ne5 20. Nxe5 dxe5 21.
Qh5 f5 22. Red1 g6 23. Qe2 Bd6 24. f3 1/2-1/2

[Event "Woerishofen sen 2016"]
[Site "Bad Woerishofen"]
[Date "2016.02.29"]
[Round "4.22"]
[White "Fitzke, Ulrich"]
[Black "Eichler, Gottfried"]
[Result "0-1"]
[WhiteElo "1909"]
[BlackElo "2024"]
[PlyCount "100"]
[EventDate "2016.02.26"]
[EventType "swiss"]
[EventCountry "GER"]
[WhiteTeam "Berlin SV Bau Union"]
[BlackTeam "Dannenberg MTV"]
[WhiteTeamCountry "GER"]
[BlackTeamCountry "GER"]

1. d4 e6 2. c4 c5 3. Nf3 cxd4 4. Nxd4 Nf6 5. Nc3 Bb4 6. Bd2 O-O 7. e3 Nc6 8.
Nxc6 bxc6 9. Be2 d5 10. cxd5 cxd5 11. O-O Bd7 12. Ne4 Be7 13. Ng5 h6 14. Nf3
Ne4 15. Ne5 Be8 16. Be1 Bf6 17. Nd3 Bb5 18. Rb1 Qb6 19. Nc1 Rfc8 20. Bxb5 Qxb5
21. f3 Nd6 22. Qd3 Bg5 23. Bf2 Qa5 24. Rd1 Nc4 25. a3 Rab8 26. f4 Bf6 27. Be1
Qb6 28. Bf2 Nxb2 29. Qe2 Qc7 30. Rf1 Nc4 31. Rxb8 Rxb8 32. Qd3 Qa5 33. e4 Nb2
34. Qf3 dxe4 35. Qxe4 Qxa3 36. Qc6 a5 37. Qc7 Rd8 38. Ne2 a4 39. Ng3 Qe7 40.
Qa5 Qb7 41. Nh5 Be7 42. Qc3 Bf8 43. Bd4 Rxd4 44. Qxd4 Qb5 45. Rc1 Nd3 46. Qc4
Qb6+ 47. Kh1 Nf2+ 48. Kg1 Nh3+ 49. Kh1 Qg1+ 50. Rxg1 Nf2# 0-1

[Event "Woerishofen sen 2016"]
[Site "Bad Woerishofen"]
[Date "2016.02.29"]
[Round "4.23"]
[White "Spurga, Josef"]
[Black "Blosze, Winfried"]
[Result "1/2-1/2"]
[WhiteElo "2002"]
[BlackElo "1846"]
[PlyCount "148"]
[EventDate "2016.02.26"]
[EventType "swiss"]
[EventCountry "GER"]
[WhiteTeam "Sindelfingen VfL"]
[BlackTeam "Grossauheim SV"]
[WhiteTeamCountry "GER"]
[BlackTeamCountry "GER"]

1. e4 e5 2. Nf3 Nc6 3. Bb5 Nf6 4. d3 d6 5. h3 Bd7 6. c3 Be7 7. O-O h6 8. Re1
Nh7 9. Nbd2 Bf6 10. Nf1 Ne7 11. Bxd7+ Qxd7 12. d4 Ng5 13. N1h2 O-O-O 14. Ng4
Ng6 15. dxe5 Nxf3+ 16. Qxf3 Nxe5 17. Nxe5 Bxe5 18. Qe3 Kb8 19. c4 g5 20. f3 f5
21. exf5 Bg3 22. Rd1 Qxf5 23. Qa3 Rhe8 24. Be3 b6 25. Rac1 Qe6 26. Rd3 Bf4 27.
Bxf4 gxf4 28. Qc3 Rg8 29. Kf1 Rg3 30. Qd4 Rdg8 31. Rd2 Qg6 32. Rcc2 Rf8 33. Re2
Rg5 34. Qe4 Rgf5 35. Rcd2 Qf7 36. Qe6 Rf6 37. Qxf7 R8xf7 38. Re8+ Kb7 39. Rde2
Kc6 40. b4 b5 41. cxb5+ Kxb5 42. Rb8+ Kc4 43. Rb7 c6 44. Rc2+ Kd5 45. Rxf7 Rxf7
46. Kf2 Rg7 47. Re2 h5 48. Re4 Rf7 49. g3 fxg3+ 50. Kxg3 Rg7+ 51. Kf2 c5 52.
bxc5 dxc5 53. Ke3 Rb7 54. Rh4 Rh7 55. Kd3 Rh6 56. Rf4 a5 57. Rf5+ Kd6 58. Kc4
h4 59. Rxc5 Rf6 60. Rd5+ Kc6 61. Rd3 Rf4+ 62. Kc3 Kc5 63. Kd2 Ra4 64. a3 Rf4
65. Ke3 Rf7 66. f4 Kc4 67. Rd4+ Kb3 68. a4 Rg7 69. Ke4 Re7+ 70. Kf3 Rg7 71. Re4
Rg3+ 72. Kf2 Rxh3 73. Re3+ Rxe3 74. Kxe3 Kc4 1/2-1/2

[Event "Woerishofen sen 2016"]
[Site "Bad Woerishofen"]
[Date "2016.02.29"]
[Round "4.24"]
[White "Abegg, Beat"]
[Black "Macher, Claus"]
[Result "1/2-1/2"]
[WhiteElo "1914"]
[BlackElo "1999"]
[PlyCount "38"]
[EventDate "2016.02.26"]
[EventType "swiss"]
[EventCountry "GER"]
[WhiteTeam "SUI"]
[BlackTeam "Ammerbuch SF"]
[WhiteTeamCountry "SUI"]
[BlackTeamCountry "GER"]

1. d4 Nf6 2. c4 e6 3. Nf3 d5 4. g3 g6 5. Bg2 Bg7 6. O-O O-O 7. b3 b6 8. Bb2 Bb7
9. Qc2 Nbd7 10. Nbd2 c5 11. e3 Rc8 12. Rac1 Qc7 13. Rfe1 Rfd8 14. Qb1 Qb8 15.
Red1 Qa8 16. dxc5 Nxc5 17. Ne5 dxc4 18. Bxb7 Qxb7 19. Ndxc4 Ne8 1/2-1/2

[Event "Woerishofen sen 2016"]
[Site "Bad Woerishofen"]
[Date "2016.02.29"]
[Round "4.25"]
[White "Vonach, Bernhard"]
[Black "Zwetz, Anita"]
[Result "1-0"]
[WhiteElo "1999"]
[BlackElo "1864"]
[PlyCount "93"]
[EventDate "2016.02.26"]
[EventType "swiss"]
[EventCountry "GER"]
[WhiteTeam "Windach SF"]
[BlackTeam "Kareth Lappersdorf TSV"]
[WhiteTeamCountry "GER"]
[BlackTeamCountry "GER"]

1. e4 e6 2. Qe2 Be7 3. b3 Nc6 4. Bb2 e5 5. Nf3 d6 6. Nc3 Nf6 7. g3 Bg4 8. Nd1
Qd7 9. h3 Bh5 10. g4 Bg6 11. d3 h6 12. Ne3 O-O-O 13. O-O-O Kb8 14. Kb1 Qe6 15.
c4 Nb4 16. Nf5 Bxf5 17. gxf5 Qc8 18. d4 exd4 19. Nxd4 Rhe8 20. Qd2 Nxe4 21.
Qxb4 c5 22. Qe1 cxd4 23. Qxe4 Bf6 24. Qf3 Re5 25. Bd3 Ra5 26. b4 Ra4 27. a3 Ra6
28. c5 Rc6 29. Bb5 Rc7 30. cxd6 Rxd6 31. Rc1 Qd8 32. Rxc7 Kxc7 33. Re1 Kb6 34.
Bd3 a6 35. Qe4 Ka7 36. Qe8 Qb6 37. Rc1 Rd8 38. Qxf7 Qd6 39. Rc7 Rb8 40. Be4 Qb6
41. Qd7 Be5 42. Rc8 Rxc8 43. Qxc8 Qb5 44. Qc5+ Qxc5 45. bxc5 Kb8 46. Kc2 Kc7
47. Kd3 1-0

[Event "Woerishofen sen 2016"]
[Site "Bad Woerishofen"]
[Date "2016.02.29"]
[Round "4.26"]
[White "Trefzer, Erhard"]
[Black "Engbrecht, Helmut"]
[Result "1/2-1/2"]
[WhiteElo "1897"]
[BlackElo "1980"]
[PlyCount "30"]
[EventDate "2016.02.26"]
[EventType "swiss"]
[EventCountry "GER"]
[WhiteTeam "Besigheim SV"]
[BlackTeam "Schorndorf SV"]
[WhiteTeamCountry "GER"]
[BlackTeamCountry "GER"]

1. e4 e5 2. Nf3 Nc6 3. Bb5 Bc5 4. O-O Nf6 5. Nxe5 Nxe5 6. d4 a6 7. Be2 Nxe4 8.
dxc5 Nxc5 9. Qd4 d6 10. f4 Ng6 11. Qxg7 Ne6 12. Qc3 f5 13. Bh5 O-O 14. Bxg6
hxg6 15. b3 Qf6 1/2-1/2

[Event "Woerishofen sen 2016"]
[Site "Bad Woerishofen"]
[Date "2016.02.29"]
[Round "4.27"]
[White "Zerweck, Christoph"]
[Black "Erhart, Uwe"]
[Result "1/2-1/2"]
[WhiteElo "1890"]
[BlackElo "2079"]
[PlyCount "35"]
[EventDate "2016.02.26"]
[EventType "swiss"]
[EventCountry "GER"]
[WhiteTeam "Herrenberg SV"]
[BlackTeam "Raisdorfer SG"]
[WhiteTeamCountry "GER"]
[BlackTeamCountry "GER"]

1. e4 c5 2. Nf3 Nc6 3. d4 cxd4 4. Nxd4 g6 5. Nc3 Bg7 6. Be3 Nf6 7. Nxc6 bxc6 8.
e5 Ng8 9. f4 d5 10. Na4 f6 11. Bd4 Nh6 12. exf6 Bxf6 13. Bxf6 exf6 14. Bd3 O-O
15. O-O Bf5 16. b4 Qd6 17. Nc5 Rae8 18. Qd2 1/2-1/2

[Event "Woerishofen sen 2016"]
[Site "Bad Woerishofen"]
[Date "2016.02.29"]
[Round "4.28"]
[White "Rueggeberg, Wilhelm"]
[Black "Bachmann, Rolf"]
[Result "1-0"]
[WhiteElo "1843"]
[BlackElo "1993"]
[PlyCount "139"]
[EventDate "2016.02.26"]
[EventType "swiss"]
[EventCountry "GER"]
[WhiteTeam "Saarburg Trier SF"]
[BlackTeam "Hamm SV"]
[WhiteTeamCountry "GER"]
[BlackTeamCountry "GER"]

1. d4 Nf6 2. c4 g6 3. Nc3 Bg7 4. Nf3 d5 5. Bg5 c6 6. e3 O-O 7. cxd5 cxd5 8. Bd3
b6 9. O-O Bb7 10. Rc1 Ne4 11. Bf4 Nc6 12. Nxe4 dxe4 13. Bxe4 Rc8 14. a3 Qd7 15.
Qe2 e6 16. Rfd1 Rfd8 17. Bd3 Qe7 18. Ba6 h6 19. Bxb7 Qxb7 20. Rc3 Ne7 21. Rxc8
Rxc8 22. Qd3 a6 23. Qd2 Qc6 24. Ne5 Qb7 25. Rc1 g5 26. Bg3 Nf5 27. Nd3 f6 28.
Rxc8+ Qxc8 29. Qc1 Qxc1+ 30. Nxc1 Nxg3 31. hxg3 Bf8 32. Nd3 Kf7 33. Kf1 Bd6 34.
Ke2 h5 35. e4 f5 36. e5 Be7 37. Kd2 Ke8 38. Kc3 Kd7 39. f3 Kc6 40. Nf2 Kd5 41.
Kd3 b5 42. g4 h4 43. Nd1 fxg4 44. Ne3+ Kc6 45. Nxg4 a5 46. Ne3 a4 47. Ke4 b4
48. axb4 Bxb4 49. d5+ exd5+ 50. Nxd5 Bd2 51. e6 Bc1 52. e7 Kd7 53. Nb6+ Kxe7
54. Nxa4 Kd6 55. b4 Kc6 56. Nc3 Bd2 57. Kd3 Bf4 58. Kc4 Kd6 59. Nd5 Ke5 60. b5
Kf5 61. Nxf4 Kxf4 62. b6 Kg3 63. b7 Kxg2 64. b8=Q h3 65. Kd3 h2 66. Qb2+ Kh1
67. Qg7 Kg2 68. Qxg5+ Kh1 69. Qh4 Kg2 70. f4 1-0

[Event "Woerishofen sen 2016"]
[Site "Bad Woerishofen"]
[Date "2016.02.29"]
[Round "4.29"]
[White "Schmidt, Eugen"]
[Black "Mahrla, Hans"]
[Result "1-0"]
[WhiteElo "1969"]
[BlackElo "1820"]
[PlyCount "67"]
[EventDate "2016.02.26"]
[EventType "swiss"]
[EventCountry "GER"]
[WhiteTeam "Oos SF"]
[BlackTeam "Eichenau SC"]
[WhiteTeamCountry "GER"]
[BlackTeamCountry "GER"]

1. e4 e6 2. d4 d5 3. Nd2 Nf6 4. e5 Nfd7 5. Ngf3 c5 6. c3 Be7 7. Bd3 Nc6 8. Bb1
b6 9. O-O cxd4 10. cxd4 Ba6 11. Re1 Rc8 12. a3 b5 13. b4 Nb6 14. Nb3 Na4 15.
Nc5 Bxc5 16. bxc5 Nc3 17. Qb3 Nxb1 18. Qxb1 h6 19. Qd3 Qa5 20. Qe3 Rb8 21. Bd2
Qc7 22. Nh4 Kd7 23. f4 g6 24. g4 Qd8 25. Ng2 h5 26. f5 hxg4 27. fxe6+ fxe6 28.
Rf1 Qe7 29. Rf6 Qh7 30. Qf4 Qh5 31. Rf7+ Ke8 32. Rf1 Rh7 33. Rxh7 Qxh7 34. Qf8+
1-0

[Event "Woerishofen sen 2016"]
[Site "Bad Woerishofen"]
[Date "2016.02.29"]
[Round "4.30"]
[White "Thielemann, Joachim"]
[Black "Zschorsch, Peter"]
[Result "0-1"]
[WhiteElo "1811"]
[BlackElo "1941"]
[PlyCount "90"]
[EventDate "2016.02.26"]
[EventType "swiss"]
[EventCountry "GER"]
[WhiteTeam "Eutin SV"]
[BlackTeam "Karlsruher SF"]
[WhiteTeamCountry "GER"]
[BlackTeamCountry "GER"]

1. e4 d5 2. exd5 Qxd5 3. d4 Nc6 4. c3 Nf6 5. Qf3 e5 6. Qxd5 Nxd5 7. Nf3 exd4 8.
Nxd4 Nxd4 9. cxd4 Bf5 10. a3 Bd6 11. Be2 O-O 12. O-O Rfe8 13. Bf3 Be4 14. Nd2
Bxf3 15. Nxf3 Re4 16. Bd2 Rae8 17. Rfe1 f6 18. Rxe4 Rxe4 19. Re1 Rxe1+ 20. Nxe1
Nb6 21. Nd3 Nc4 22. Bc3 b6 23. g3 c6 24. Kf1 Kf7 25. h3 Ke6 26. Ke2 Kd5 27. g4
a5 28. f3 Bc7 29. Nf2 Nd6 30. Kd3 f5 31. Nd1 g6 32. Ne3+ Ke6 33. a4 Bd8 34. b3
Nf7 35. Ke2 Ng5 36. h4 Nh3 37. g5 Nf4+ 38. Kd2 Bc7 39. Kc2 Nd5 40. Ng2 Bg3 41.
Bd2 Kd6 42. Kd3 c5 43. Kc4 cxd4 44. Kxd4 Bf2+ 45. Be3 Nxe3 0-1

[Event "Woerishofen sen 2016"]
[Site "Bad Woerishofen"]
[Date "2016.02.29"]
[Round "4.31"]
[White "Flockerzi, Armin"]
[Black "Oppermann, Peter"]
[Result "0-1"]
[WhiteElo "1806"]
[BlackElo "1933"]
[PlyCount "94"]
[EventDate "2016.02.26"]
[EventType "swiss"]
[EventCountry "GER"]
[WhiteTeam "Koblenz VfR SC"]
[BlackTeam "Harzburg Bad SK"]
[WhiteTeamCountry "GER"]
[BlackTeamCountry "GER"]

1. d4 Nf6 2. Nf3 g6 3. g3 Bg7 4. Bg2 O-O 5. Nbd2 d5 6. b3 Nbd7 7. Bb2 c5 8. c3
b6 9. O-O Bb7 10. Re1 Qc7 11. Rc1 Rac8 12. Ba3 Rfe8 13. Bh3 Rcd8 14. e3 e6 15.
Qc2 Ne4 16. Bg2 f5 17. Bb2 Rc8 18. c4 cxd4 19. Bxd4 e5 20. Bb2 Qd6 21. Qd1 Nxd2
22. Nxd2 e4 23. Bxg7 Kxg7 24. Nb1 Ne5 25. Qd4 Kg8 26. Red1 Red8 27. Nc3 a6 28.
cxd5 Rc5 29. Rb1 Bxd5 30. Na4 Rc6 31. Nc3 Bf7 32. Qa4 Qc7 33. Rxd8+ Qxd8 34.
Rd1 Qc7 35. Ne2 Nd3 36. Qxa6 Rc2 37. Bf1 Rc5 38. Qa3 Ra5 39. Rc1 Qd7 40. Qxa5
bxa5 41. Rd1 Qc7 42. Nd4 Qc3 43. Ne2 Qc2 44. Ra1 Qb2 45. Rd1 Qxa2 46. Nd4 Bxb3
47. Nxb3 Qxf2+ 0-1

[Event "Woerishofen sen 2016"]
[Site "Bad Woerishofen"]
[Date "2016.02.29"]
[Round "4.32"]
[White "Dombrowe, Eckehard"]
[Black "Braun, Erhard"]
[Result "0-1"]
[WhiteElo "1793"]
[BlackElo "1932"]
[PlyCount "60"]
[EventDate "2016.02.26"]
[EventType "swiss"]
[EventCountry "GER"]
[WhiteTeam "Nettetal SG"]
[BlackTeam "Heusweiler SC"]
[WhiteTeamCountry "GER"]
[BlackTeamCountry "GER"]

1. d4 Nf6 2. c4 c5 3. Nf3 g6 4. d5 b5 5. b3 Bg7 6. Bb2 d6 7. Nbd2 O-O 8. e3
bxc4 9. Nxc4 Bb7 10. Bxf6 Bxf6 11. Rc1 Nd7 12. Bd3 Bxd5 13. O-O Bb7 14. Qe2 a5
15. a4 Nb6 16. Nxb6 Qxb6 17. Bb5 Ba6 18. Bxa6 Qxa6 19. Qc2 Rab8 20. Rfd1 Rb4
21. Rb1 Rfb8 22. Nd2 e6 23. Ne4 Be7 24. Nc3 d5 25. Nb5 Rc8 26. Na3 c4 27. bxc4
Rxb1 28. Nxb1 Qxc4 29. Qb2 Qxa4 30. g3 Qxd1+ 0-1

[Event "Woerishofen sen 2016"]
[Site "Bad Woerishofen"]
[Date "2016.02.29"]
[Round "4.33"]
[White "Stokes, Paul C"]
[Black "Taufratshofer, Martin"]
[Result "1-0"]
[WhiteElo "1850"]
[BlackElo "2009"]
[PlyCount "103"]
[EventDate "2016.02.26"]
[EventType "swiss"]
[EventCountry "GER"]
[WhiteTeam "ENG"]
[BlackTeam "Oberguenzburg SK"]
[WhiteTeamCountry "ENG"]
[BlackTeamCountry "GER"]

1. d4 g6 2. c4 Bg7 3. Nf3 d6 4. g3 Nf6 5. Bg2 O-O 6. O-O Bg4 7. h3 Bxf3 8. Bxf3
Qc8 9. Bg2 Na6 10. Nc3 c5 11. d5 Nc7 12. Qc2 a6 13. a4 b5 14. axb5 axb5 15.
Rxa8 Qxa8 16. b3 Qa6 17. Ne4 Rb8 18. Bg5 Nce8 19. Nd2 bxc4 20. bxc4 Rb4 21. Rb1
h6 22. Rxb4 cxb4 23. Be3 Nd7 24. Nb3 Nc7 25. c5 dxc5 26. Nxc5 Qa1+ 27. Kh2 Nxc5
28. Qxc5 Qc3 29. Qxe7 b3 30. d6 Ne6 31. Qe8+ Kh7 32. Qxf7 b2 33. Be4 Qf6 34.
Qxf6 Bxf6 35. Kg2 Kg7 36. h4 g5 37. hxg5 hxg5 38. Kf3 Nd4+ 39. Bxd4 Bxd4 40. d7
Bf6 41. g4 Kf7 42. Ke3 Ke6 43. Bf5+ Kd5 44. Kd2 Kd4 45. Kc2 Kc4 46. e4 Kd4 47.
Kxb2 Kd3+ 48. Kb3 Ke2 49. Kc4 Kxf2 50. Kd5 Ke3 51. Ke6 Bd8 52. Kf7 1-0